[Event "British Chess Championships 2023: "]
[Site "The Venue, De Montfort University, 20 Western Boulevard, Leicester, LE2 7BU"]
[Date "2023.07.21"]
[Round "1"]
[Board "1"]
[White "Jardine, Kenneth"]
[Black "Walsh, Shaun"]
[Result "1-0"]
[WhiteElo "1537"]
[BlackElo "1323"]
[PlyCount "41"]
[EventDate "2023.07.21"]
[EventRounds "5"]
[EventCountry "ENG"]

1. e4 e6 2. e5 d5 3. d4 c5 4. c3 Nc6 5. Nf3 Bd7 6. Be2 Nge7 7. Bd3 Qb6 8. dxc5 Qxc5
9. Be3 Qa5 10. O-O Qc7 11. Bd4 Ng6 12. Bxg6 hxg6 13. Re1 Be7 14. b4 Nxd4 15. Qxd4
Rc8 16. Qxa7 f6 17. Qd4 Kf7 18. Qf4 Rh5 19. g4 g5 20. Qe3 Rh3 21. Nxg5+  1-0

[Event "British Chess Championships 2023: "]
[Site "The Venue, De Montfort University, 20 Western Boulevard, Leicester, LE2 7BU"]
[Date "2023.07.21"]
[Round "1"]
[Board "2"]
[White "Szwajkun, Steve"]
[Black "Ashworth, Steven M"]
[Result "0-1"]
[WhiteElo "1321"]
[BlackElo "1498"]
[PlyCount "46"]
[EventDate "2023.07.21"]
[EventRounds "5"]
[EventCountry "ENG"]

1. Nf3 f5 2. g3 Nf6 3. d3 d6 4. Nbd2 e5 5. e4 Be7 6. Bg2 Nc6 7. c3 Rb8 8. O-O O-O
9. Re1 fxe4 10. Nxe4 Nxe4 11. dxe4 Be6 12. b4 a6 13. Qc2 Qd7 14. Bg5 h6 15. Bxe7
Nxe7 16. Rad1 Ng6 17. a3 Bh3 18. Re3 Bxg2 19. Kxg2 Qg4 20. Qb3+ Kh8 21. c4 Rxf3 22.
Rde1 Nf4+ 23. Kf1 Qh3+  0-1

[Event "British Chess Championships 2023: "]
[Site "The Venue, De Montfort University, 20 Western Boulevard, Leicester, LE2 7BU"]
[Date "2023.07.21"]
[Round "1"]
[Board "3"]
[White "Tunnacliffe, Alan"]
[Black "Jennis, Alistair"]
[Result "1-0"]
[WhiteElo "1495"]
[BlackElo "1286"]
[PlyCount "47"]
[EventDate "2023.07.21"]
[EventRounds "5"]
[EventCountry "ENG"]

1. e4 e6 2. d3 d5 3. Qe2 Nf6 4. Nf3 Be7 5. g3 b6 6. Bg2 Bb7 7. O-O O-O 8. e5 Nfd7
9. Re1 c5 10. c4 Qc7 11. Bf4 d4 12. h4 h6 13. Nbd2 Rd8 14. h5 a6 15. Ne4 Bxe4 16.
Qxe4 Ra7 17. Nh2 Bg5 18. Bxg5 hxg5 19. Ng4 b5 20. b3 Re8 21. h6 g6 22. Qf3 Qd8 23.
Kh2 Kh7 24. Qxf7+  1-0

[Event "British Chess Championships 2023: "]
[Site "The Venue, De Montfort University, 20 Western Boulevard, Leicester, LE2 7BU"]
[Date "2023.07.21"]
[Round "1"]
[Board "7"]
[White "Lennon, Dominic"]
[Black "Sharma, Lalit Vidyadhar Nandyala"]
[Result "1-0"]
[WhiteElo "1457"]
[BlackElo "1259"]
[PlyCount "45"]
[EventDate "2023.07.21"]
[EventRounds "5"]
[EventCountry "ENG"]

1. e4 e5 2. Nf3 Nc6 3. Bc4 Nf6 4. O-O Bc5 5. c3 a6 6. d4 Ba7 7. Bg5 h6 8. Bh4 g5
9. Bg3 exd4 10. cxd4 d6 11. Nc3 Bg4 12. h3 Bh5 13. Re1 Nxd4 14. Qd3 Bxf3 15. gxf3
Nd7 16. e5 Nxe5 17. Rxe5+ dxe5 18. Bxe5 f6 19. Qg6+ Kd7 20. Bxf6 Nxf3+ 21. Kh1 Qe8
22. Qf5+ Kd6 23. Qd5#  1-0

[Event "British Chess Championships 2023: "]
[Site "The Venue, De Montfort University, 20 Western Boulevard, Leicester, LE2 7BU"]
[Date "2023.07.21"]
[Round "1"]
[Board "8"]
[White "Gillibrand, David"]
[Black "Kilmartin, David"]
[Result "1/2-1/2"]
[WhiteElo "1227"]
[BlackElo "1451"]
[PlyCount "99"]
[EventDate "2023.07.21"]
[EventRounds "5"]
[EventCountry "ENG"]

1. e4 c6 2. d4 d5 3. exd5 cxd5 4. Nf3 Bg4 5. Bb5+ Nc6 6. c3 Bxf3 7. Qxf3 e6 8. Bf4
Nf6 9. Nd2 Be7 10. O-O O-O 11. Rfe1 a6 12. Bd3 b5 13. a3 Rc8 14. Nf1 Qd7 15. h3 Na5
16. Bc2 Rfe8 17. Ne3 Nc4 18. Nxc4 bxc4 19. Qd1 Red8 20. Ba4 Qb7 21. Rb1 Bd6 22. Bg5
Be7 23. f3 Rb8 24. Bc2 Qc7 25. Bf4 Bd6 26. Bxd6 Rxd6 27. Qd2 Rdb6 28. Bd1 Qg3 29.
Ba4 Nh5 30. Qf2 Qxf2+ 31. Kxf2 Rxb2+ 32. Rxb2 Rxb2+ 33. Re2 Rxe2+ 34. Kxe2 Kf8 35.
g4 Nf4+ 36. Ke3 g5 37. h4 h6 38. hxg5 hxg5 39. Bc2 Ke7 40. a4 a5 41. Kd2 Kd6 42.
Ke3 f6 43. Kf2 e5 44. Ke3 Ne6 45. Bd1 exd4+ 46. cxd4 Ng7 47. Bc2 Ke6 48. Kd2 f5 49.
Ke3 fxg4 50. fxg4  1/2-1/2

[Event "British Chess Championships 2023: "]
[Site "The Venue, De Montfort University, 20 Western Boulevard, Leicester, LE2 7BU"]
[Date "2023.07.21"]
[Round "1"]
[Board "9"]
[White "Page, Michael"]
[Black "Braithwaite, Paul"]
[Result "1-0"]
[WhiteElo "1444"]
[BlackElo "1221"]
[PlyCount "107"]
[EventDate "2023.07.21"]
[EventRounds "5"]
[EventCountry "ENG"]

1. e4 e5 2. Nf3 Nc6 3. Nc3 Nf6 4. d4 exd4 5. Nxd4 d6 6. Nxc6 bxc6 7. Bc4 Bd7 8. Be3
Be7 9. Qd2 O-O 10. h3 c5 11. O-O-O a5 12. f3 a4 13. a3 Kh8 14. g4 Ng8 15. Nd5 Be6
16. Qc3 Bxd5 17. Bxd5 Rb8 18. Qa5 Bf6 19. c3 Qd7 20. g5 Be5 21. f4 Bxc3 22. Qxc3
c6 23. Bc4 Rfe8 24. Qd3 Qb7 25. Rh2 Red8 26. Ba2 d5 27. exd5 cxd5 28. Bxd5 Qd7 29.
Kb1 Ne7 30. Be4 Qc7 31. Qc2 c4 32. Rxd8+ Rxd8 33. Qxa4 c3 34. Rc2 Rd1+ 35. Ka2 Qd8
36. Rxc3 f5 37. gxf6 gxf6 38. Qc4 Qg8 39. Qxg8+ Kxg8 40. a4 Nd5 41. Bxd5+ Rxd5 42.
Ra3 Ra5 43. b4 Rh5 44. Bd2 Rd5 45. Bc1 Rd4 46. Kb3 Rd1 47. Kb2 Rd4 48. b5 Rb4+ 49.
Ka2 Re4 50. a5 Re2+ 51. Kb1 Re4 52. a6 Rb4+ 53. Ka2 Rxb5 54. a7  1-0

[Event "British Chess Championships 2023: "]
[Site "The Venue, De Montfort University, 20 Western Boulevard, Leicester, LE2 7BU"]
[Date "2023.07.21"]
[Round "1"]
[Board "10"]
[White "Jelfs, David"]
[Black "White, Nigel"]
[Result "0-1"]
[WhiteElo "1206"]
[BlackElo "1434"]
[PlyCount "82"]
[EventDate "2023.07.21"]
[EventRounds "5"]
[EventCountry "ENG"]

1. e4 c5 2. c3 d5 3. exd5 Qxd5 4. d4 Nf6 5. Nf3 Bg4 6. Be2 e6 7. h3 Bh5 8. O-O Nc6
9. Be3 cxd4 10. cxd4 Be7 11. Nc3 Qd8 12. Qd2 Nd5 13. Rad1 O-O 14. Ne5 Bxe2 15. Qxe2
Rc8 16. Nb5 Qb6 17. Nd7 Qa5 18. Nxf8 Kxf8 19. a3 a6 20. Nc3 Nxc3 21. bxc3 Qxa3 22.
Qd3 Kg8 23. Rb1 Rc7 24. Rfc1 Nb4 25. Qd2 Nd5 26. Bf4 Nxf4 27. Qxf4 Bd6 28. Qf3 Bb4
29. Ra1 Qb2 30. Qg3 Rxc3 31. Qb8+ Bf8 32. Rcb1 Qd2 33. Qxb7 Rc2 34. Rf1 Qxd4 35.
Rxa6 g6 36. Ra7 Qf6 37. Qb6 Kg7 38. Ra4 Bc5 39. Qb3 Rxf2 40. Rxf2 Qxf2+ 41. Kh1 Qg1#
 0-1

[Event "British Chess Championships 2023: "]
[Site "The Venue, De Montfort University, 20 Western Boulevard, Leicester, LE2 7BU"]
[Date "2023.07.21"]
[Round "1"]
[Board "11"]
[White "Kelly, Martin"]
[Black "Walke, Kedar"]
[Result "0-1"]
[WhiteElo "1429"]
[BlackElo "1178"]
[PlyCount "46"]
[EventDate "2023.07.21"]
[EventRounds "5"]
[EventCountry "ENG"]

1. e4 e5 2. Nc3 Nc6 3. f4 exf4 4. Nf3 Be7 5. Bc4 Bh4+ 6. Kf1 d6 7. h3 Ne5 8. Nxe5
dxe5 9. Qh5 Qe7 10. Bxf7+ Qxf7 11. Qxh4 Nf6 12. Qe1 Be6 13. d3 Nh5 14. Ne2 Rf8 15.
Kg1 Qg6 16. Kh2 f3 17. gxf3 Rxf3 18. Ng1 Rg3 19. Qf1 Ke7 20. Bd2 Rf8 21. Qe2 Rff3
22. Qxf3 Rxf3 23. Nxf3 Qg3#  0-1

[Event "British Chess Championships 2023: "]
[Site "The Venue, De Montfort University, 20 Western Boulevard, Leicester, LE2 7BU"]
[Date "2023.07.21"]
[Round "1"]
[Board "12"]
[White "Glasbey, Billy"]
[Black "Jelfs, Tim"]
[Result "0-1"]
[WhiteElo "1137"]
[BlackElo "1423"]
[PlyCount "52"]
[EventDate "2023.07.21"]
[EventRounds "5"]
[EventCountry "ENG"]

1. d4 Nf6 2. Nf3 g6 3. Bf4 Bg7 4. e3 O-O 5. c4 b6 6. b4 d6 7. Bd3 Nh5 8. Be4 c6 9.
Bg3 Nxg3 10. hxg3 d5 11. Bd3 Bg4 12. Nbd2 Nd7 13. Qc2 Re8 14. Rh4 Bxf3 15. Nxf3 e5
16. O-O-O e4 17. Rdh1 exd3 18. Qxd3 Nf6 19. c5 Ne4 20. Qc2 h6 21. Rf1 bxc5 22. dxc5
a5 23. Nd2 axb4 24. Nxe4 dxe4 25. Rd1 Qa5 26. Kb1 b3  0-1

[Event "British Chess Championships 2023: "]
[Site "The Venue, De Montfort University, 20 Western Boulevard, Leicester, LE2 7BU"]
[Date "2023.07.21"]
[Round "1"]
[Board "13"]
[White "Ashworth, Jaime"]
[Black "West, Nic"]
[Result "0-1"]
[WhiteElo "1418"]
[BlackElo "1100"]
[PlyCount "76"]
[EventDate "2023.07.21"]
[EventRounds "5"]
[EventCountry "ENG"]

1. e4 d6 2. d4 Nf6 3. Bd3 g6 4. Nf3 Bg7 5. O-O O-O 6. c3 Bg4 7. Bf4 Nc6 8. h3 Bxf3
9. Qxf3 Nd7 10. Nd2 e5 11. dxe5 Ndxe5 12. Qg3 Nxd3 13. Qxd3 Ne5 14. Qb5 b6 15. Nc4
a6 16. Qd5 c6 17. Qxd6 Nxc4 18. Qxc6 Rc8 19. Qa4 Nxb2 20. Qxa6 Bxc3 21. Rab1 Qd4
22. Be3 Qxe4 23. Qxb6 Nc4 24. Qa7 Nxe3 25. Qxe3 Qxe3 26. fxe3 Ra8 27. Rf2 Rfe8 28.
Re2 Reb8 29. Rc1 Bb2 30. Rb1 Rxa2 31. Kf1 Ra1 32. Rxa1 Bxa1 33. Re1 Be5 34. Kf2 Rb2+
35. Kf3 Rb5 36. Rd1 Bc7 37. e4 Rb3+ 38. Kg4 Rg3+  0-1

[Event "British Chess Championships 2023: "]
[Site "The Venue, De Montfort University, 20 Western Boulevard, Leicester, LE2 7BU"]
[Date "2023.07.21"]
[Round "1"]
[Board "14"]
[White "Ewart, Samuel"]
[Black "Miles, Barry S"]
[Result "1/2-1/2"]
[WhiteElo "1086"]
[BlackElo "1407"]
[PlyCount "123"]
[EventDate "2023.07.21"]
[EventRounds "5"]
[EventCountry "ENG"]

1. d4 d5 2. Bf4 e6 3. Nf3 Nf6 4. e3 Nbd7 5. c4 c5 6. Nc3 Ne4 7. Nxe4 dxe4 8. Nd2
f5 9. g4 Be7 10. Bh3 O-O 11. Qb3 Kh8 12. O-O-O Nf6 13. Bg5 fxg4 14. Bxf6 gxh3 15.
Bxe7 Qxe7 16. Nxe4 cxd4 17. exd4 Qh4 18. Qe3 Qf4 19. Rhf1 b6 20. b3 Bb7 21. Qxf4
Rxf4 22. Ng5 Bg2 23. Nxe6 Rf6 24. Rfe1 Rxf2 25. d5 Kg8 26. d6 Bc6 27. d7 Bxd7 28.
Rxd7 Re8 29. Rd8 Rxd8 30. Nxd8 Kf8 31. Ne6+ Kg8 32. Ng5 Kf8 33. Nxh3 Rxh2 34. Ng5
h6 35. Ne6+ Kf7 36. Nd8+ Kf8 37. a4 g5 38. Re5 g4 39. Kd1 h5 40. Ke1 h4 41. Ne6+
Kf7 42. Nf4 g3 43. Re2 h3 44. Nxh3 Rxh3 45. Rg2 Ke6 46. Kf1 Kf5 47. Rc2 Rh2 48. Rxh2
gxh2 49. Kg2 Ke4 50. Kxh2 Kd4 51. Kg3 Kc5 52. Kf4 Kb4 53. Ke5 Kxb3 54. Kd5 Kb4 55.
a5 Kxa5 56. c5 bxc5 57. Kxc5 Ka4 58. Kc4 a5 59. Kc3 Ka3 60. Kc2 a4 61. Kb1 Kb4 62.
Ka1  1/2-1/2

[Event "British Chess Championships 2023: "]
[Site "The Venue, De Montfort University, 20 Western Boulevard, Leicester, LE2 7BU"]
[Date "2023.07.21"]
[Round "1"]
[Board "15"]
[White "Clark, Jack"]
[Black "Wimble, Garry"]
[Result "1-0"]
[WhiteElo "1400"]
[BlackElo "1077"]
[PlyCount "39"]
[EventDate "2023.07.21"]
[EventRounds "5"]
[EventCountry "ENG"]

1. e4 e5 2. Nf3 d6 3. d4 Qe7 4. Bb5+ Bd7 5. Nc3 Nf6 6. O-O h6 7. a4 a6 8. Bc4 Bc6
9. b4 b6 10. Bb2 Bb7 11. Re1 Nbd7 12. b5 a5 13. Ba3 g5 14. h3 Kd8 15. dxe5 Nxe5 16.
Nd5 Nxd5 17. Bxd5 Rb8 18. Nxe5 Qe8 19. Nxf7+ Kc8 20. Qg4+  1-0

[Event "British Chess Championships 2023: "]
[Site "The Venue, De Montfort University, 20 Western Boulevard, Leicester, LE2 7BU"]
[Date "2023.07.21"]
[Round "1"]
[Board "16"]
[White "Shoulders, Andrew M"]
[Black "Vernon, Colin G"]
[Result "0-1"]
[WhiteElo "1043"]
[BlackElo "1392"]
[PlyCount "48"]
[EventDate "2023.07.21"]
[EventRounds "5"]
[EventCountry "ENG"]

1. b4 e5 2. c3 d5 3. e3 Nf6 4. d4 exd4 5. exd4 Bd6 6. h3 O-O 7. Bd3 Re8+ 8. Be3 Bf4
9. Qf3 Bxe3 10. fxe3 Qe7 11. Kd2 Nc6 12. Ne2 Ne4+ 13. Bxe4 dxe4 14. Qf4 Qe6 15. Qxc7
Qc4 16. Na3 Qd3+ 17. Ke1 Qxe3 18. d5 Ne5 19. Rd1 Nd3+ 20. Rxd3 exd3 21. Qxf7+ Kxf7
22. Rf1+ Kg8 23. Rf2 dxe2 24. Rxe2 Qxe2#  0-1

[Event "British Chess Championships 2023: "]
[Site "The Venue, De Montfort University, 20 Western Boulevard, Leicester, LE2 7BU"]
[Date "2023.07.21"]
[Round "1"]
[Board "17"]
[White "Osborne, Keith C"]
[Black "Ewart, Thomas"]
[Result "1/2-1/2"]
[WhiteElo "1386"]
[BlackElo "1002"]
[PlyCount "76"]
[EventDate "2023.07.21"]
[EventRounds "5"]
[EventCountry "ENG"]

1. d4 Nf6 2. Nf3 g6 3. Nc3 d5 4. h3 Bg7 5. e3 O-O 6. Bd3 Nbd7 7. Bd2 c5 8. O-O b6
9. Bb5 Bb7 10. Rb1 a6 11. Be2 c4 12. b3 b5 13. b4 Qb6 14. Re1 a5 15. bxa5 Rxa5 16.
Rb4 Ne4 17. Qb1 Nxc3 18. Bxc3 Rfa8 19. a4 Rxa4 20. Rxb5 Qc6 21. Rxb7 Ra3 22. Bd2
Ra1 23. Qb5 Qxb5 24. Rxb5 Nf6 25. Bb4 e6 26. Kh2 Rxe1 27. Nxe1 Rc8 28. Rc5 Re8 29.
Bf3 Rb8 30. c3 Bf8 31. Rc6 Bxb4 32. cxb4 Rxb4 33. Kg3 Rb3 34. Nc2 Rc3 35. Nb4 Rb3
36. Nc2 Rc3 37. Nb4 Rb3 38. Nc2 Rc3  1/2-1/2

[Event "British Chess Championships 2023: "]
[Site "The Venue, De Montfort University, 20 Western Boulevard, Leicester, LE2 7BU"]
[Date "2023.07.21"]
[Round "1"]
[Board "18"]
[White "Belur, Ashwin"]
[Black "Old, Rob"]
[Result "0-1"]
[WhiteElo "992"]
[BlackElo "1381"]
[PlyCount "86"]
[EventDate "2023.07.21"]
[EventRounds "5"]
[EventCountry "ENG"]

1. e4 c6 2. d3 d5 3. Nd2 e5 4. Ngf3 Bd6 5. Be2 Nf6 6. b3 Be6 7. Ng5 Qe7 8. Nxe6 Qxe6
9. c4 dxe4 10. Nxe4 Nxe4 11. dxe4 Nd7 12. Bg4 Bb4+ 13. Bd2 Bxd2+ 14. Qxd2 Qe7 15.
Ke2 Rd8 16. Qc2 Nf6 17. Bf3 O-O 18. Rad1 Rd4 19. Rd2 c5 20. a3 Rfd8 21. Rhd1 R8d7
22. Ke3 Qe6 23. h3 Kf8 24. Qc3 Qa6 25. Qb2 Ke7 26. Qa2 Qa5 27. Rd3 Rxd3+ 28. Rxd3
Qe1+ 29. Qe2 Qc1+ 30. Qd2 Rxd3+ 31. Kxd3 Qxa3 32. Qc3 Ke6 33. Bd1 Qb4 34. Qxb4 cxb4
35. c5 Kd7 36. f3 Kc6 37. Kc4 a5 38. Bc2 Nd7 39. g3 g5 40. h4 h6 41. hxg5 hxg5 42.
Bd3 Nxc5 43. Bf1 b5#  0-1

[Event "British Chess Championships 2023: "]
[Site "The Venue, De Montfort University, 20 Western Boulevard, Leicester, LE2 7BU"]
[Date "2023.07.21"]
[Round "1"]
[Board "21"]
[White "Miraghaie, John"]
[Black "Vijayanand, Sanjai Rathinam"]
[Result "1-0"]
[WhiteElo "1375"]
[BlackElo "844"]
[PlyCount "65"]
[EventDate "2023.07.21"]
[EventRounds "5"]
[EventCountry "ENG"]

1. d4 d5 2. c4 Nf6 3. cxd5 Nxd5 4. e4 Nb6 5. Nc3 f6 6. Nf3 N8d7 7. Be3 e5 8. d5 Bc5
9. Bxc5 Nxc5 10. Bb5+ Bd7 11. Bxd7+ Ncxd7 12. O-O O-O 13. Rc1 Rc8 14. Qe2 f5 15.
Rfe1 f4 16. a4 a5 17. Red1 Re8 18. b3 Nf6 19. Ng5 Nfxd5 20. Nxd5 Nxd5 21. Rxd5 Qxg5
22. Rxa5 Rf8 23. f3 Rf6 24. Rcc5 Re6 25. Qc4 Qf6 26. Rxc7 Rxc7 27. Qxc7 Qf7 28. Ra8+
Re8 29. Rxe8+ Qxe8 30. Qxb7 Qd8 31. Qd5+ Qxd5 32. exd5 Kf7 33. a5  1-0

[Event "British Chess Championships 2023: "]
[Site "The Venue, De Montfort University, 20 Western Boulevard, Leicester, LE2 7BU"]
[Date "2023.07.22"]
[Round "2"]
[Board "1"]
[White "Vernon, Colin G"]
[Black "Jardine, Kenneth"]
[Result "0-1"]
[WhiteElo "1392"]
[BlackElo "1537"]
[PlyCount "48"]
[EventDate "2023.07.21"]
[EventRounds "5"]
[EventCountry "ENG"]

1. e4 e6 2. d4 d5 3. Nc3 Nf6 4. Bg5 Be7 5. e5 Nfd7 6. Bxe7 Qxe7 7. Nf3 c5 8. Nb5
Qd8 9. Nd6+ Kf8 10. Qd2 f6 11. Qf4 cxd4 12. Nxd4 Nxe5 13. Nxc8 Qxc8 14. Nb5 Nbc6
15. Bd3 a6 16. Nc3 Qc7 17. O-O Qb6 18. Qd2 Nxd3 19. cxd3 Kf7 20. Rfe1 Rhe8 21. Na4
Qb4 22. Qxb4 Nxb4 23. Rec1 Nxd3 24. Rc7+ Re7  0-1

[Event "British Chess Championships 2023: "]
[Site "The Venue, De Montfort University, 20 Western Boulevard, Leicester, LE2 7BU"]
[Date "2023.07.22"]
[Round "2"]
[Board "2"]
[White "Ashworth, Steven M"]
[Black "Boshoff, Nathan"]
[Result "0-1"]
[WhiteElo "1498"]
[BlackElo "1378"]
[PlyCount "52"]
[EventDate "2023.07.21"]
[EventRounds "5"]
[EventCountry "ENG"]

1. e4 d6 2. f4 Nf6 3. Nc3 g6 4. Nf3 Bg7 5. Bc4 O-O 6. d4 Bg4 7. Be3 Nc6 8. h3 Bxf3
9. Qxf3 e5 10. O-O-O exd4 11. Bxd4 Nxd4 12. Rxd4 c5 13. Rd3 Qb6 14. a3 Rfe8 15. Bb3
a6 16. f5 Qc7 17. fxg6 c4 18. gxh7+ Nxh7 19. Nd5 Qc6 20. Bxc4 Qxc4 21. Nb6 Qa2 22.
Rhd1 Ng5 23. c3 Nxf3 24. Nxa8 Rxa8 25. gxf3 Rc8 26. Rg1 Qa1+  0-1

[Event "British Chess Championships 2023: "]
[Site "The Venue, De Montfort University, 20 Western Boulevard, Leicester, LE2 7BU"]
[Date "2023.07.22"]
[Round "2"]
[Board "3"]
[White "Old, Rob"]
[Black "Tunnacliffe, Alan"]
[Result "0-1"]
[WhiteElo "1381"]
[BlackElo "1495"]
[PlyCount "84"]
[EventDate "2023.07.21"]
[EventRounds "5"]
[EventCountry "ENG"]

1. e4 c5 2. c3 Nf6 3. e5 Nd5 4. Nf3 Nc6 5. d4 cxd4 6. cxd4 d6 7. Nc3 Nxc3 8. bxc3
Bg4 9. Be2 d5 10. O-O e6 11. Qb3 Qc7 12. Ba3 Be7 13. Bxe7 Qxe7 14. Rab1 Rb8 15. Bb5
Qc7 16. Qa4 O-O 17. Qc2 Bf5 18. Bd3 Bxd3 19. Qxd3 h6 20. g4 Ne7 21. Kh1 Rfc8 22.
Rbc1 Qa5 23. Qc2 Rc4 24. g5 h5 25. Rg1 g6 26. Nd2 Rc6 27. a4 Rbc8 28. Qb2 Qc7 29.
Rg3 Nf5 30. Rd3 Rb6 31. Qa3 Qe7 32. Qa2 Qxg5 33. c4 dxc4 34. Rxc4 Rxc4 35. Nxc4 Rc6
36. Qb3 Qc1+ 37. Rd1 Qxc4 38. Qxb7 Qxa4 39. Rb1 Kg7 40. Qa8 Nh4 41. h3 Qc2 42. Rb8
Qe4+  0-1

[Event "British Chess Championships 2023: "]
[Site "The Venue, De Montfort University, 20 Western Boulevard, Leicester, LE2 7BU"]
[Date "2023.07.22"]
[Round "2"]
[Board "4"]
[White "Boztas, Lana"]
[Black "Miraghaie, John"]
[Result "1/2-1/2"]
[WhiteElo "1481"]
[BlackElo "1375"]
[PlyCount "83"]
[EventDate "2023.07.21"]
[EventRounds "5"]
[EventCountry "ENG"]

1. c4 Nf6 2. d3 e6 3. Nc3 d5 4. cxd5 exd5 5. d4 Bb4 6. Nf3 O-O 7. g3 Re8 8. Bg2 c6
9. O-O Bxc3 10. bxc3 h6 11. Re1 Bf5 12. Qb3 Qb6 13. Bf4 Nbd7 14. Ne5 Nxe5 15. Bxe5
Ne4 16. Qxb6 axb6 17. Bxe4 Bxe4 18. f3 Bg6 19. a3 c5 20. g4 c4 21. f4 f6 22. Bc7
b5 23. f5 Bf7 24. Bd6 Re3 25. Bb4 Rae8 26. Ra2 R8e4 27. Kf2 Rh3 28. Rh1 Rxg4 29.
e3 g6 30. Bd6 gxf5 31. Rb2 Be8 32. a4 bxa4 33. Rxb7 Rg7 34. Rxg7+ Kxg7 35. Bf4 Kh7
36. Ke2 Bh5+ 37. Kd2 Rf3 38. Ra1 Rf2+ 39. Kc1 Rf1+ 40. Kb2 Rxa1 41. Kxa1 Be8 42.
Kb2  1/2-1/2

[Event "British Chess Championships 2023: "]
[Site "The Venue, De Montfort University, 20 Western Boulevard, Leicester, LE2 7BU"]
[Date "2023.07.22"]
[Round "2"]
[Board "5"]
[White "Roychowdhury, Aashita"]
[Black "Butler, Rene"]
[Result "1-0"]
[WhiteElo "1464"]
[BlackElo "1269"]
[PlyCount "87"]
[EventDate "2023.07.21"]
[EventRounds "5"]
[EventCountry "ENG"]

1. e4 d5 2. exd5 Nf6 3. Nc3 Nxd5 4. Bc4 c6 5. Qf3 e6 6. Bxd5 exd5 7. d4 g6 8. Bf4
Bg7 9. Qe3+ Qe7 10. Qxe7+ Kxe7 11. O-O-O Be6 12. Nf3 h6 13. Ne5 Nd7 14. Rhe1 Nxe5
15. Bxe5 Bxe5 16. Rxe5 Rae8 17. Rde1 Kf8 18. Na4 b6 19. f4 Kg7 20. g4 Bd7 21. h4
Rxe5 22. Rxe5 c5 23. Nc3 cxd4 24. Rxd5 dxc3 25. Rxd7 cxb2+ 26. Kxb2 Ra8 27. Kb3 a5
28. Rb7 Ra6 29. Ka4 h5 30. g5 Kf8 31. Kb5 Ra8 32. Rxb6 a4 33. c4 a3 34. c5 Ke8 35.
c6 Kd8 36. Rb7 Kc8 37. Rxf7 Rb8+ 38. Rb7 Rxb7+ 39. cxb7+ Kxb7 40. f5 gxf5 41. g6
f4 42. g7 f3 43. g8=Q f2 44. Qg2+  1-0

[Event "British Chess Championships 2023: "]
[Site "The Venue, De Montfort University, 20 Western Boulevard, Leicester, LE2 7BU"]
[Date "2023.07.22"]
[Round "2"]
[Board "6"]
[White "Walke, Kedar"]
[Black "Lennon, Dominic"]
[Result "1-0"]
[WhiteElo "1178"]
[BlackElo "1457"]
[PlyCount "97"]
[EventDate "2023.07.21"]
[EventRounds "5"]
[EventCountry "ENG"]

1. e4 c6 2. d4 d5 3. e5 c5 4. c3 Nc6 5. Bb5 a6 6. Bxc6+ bxc6 7. dxc5 h6 8. h3 Bf5
9. Nf3 e6 10. Na3 Bxc5 11. Nc2 Bxc2 12. Qxc2 Ne7 13. O-O O-O 14. Re1 Nf5 15. Qa4
Qb6 16. Re2 Ng3 17. Rc2 Ne4 18. Nd4 Rfc8 19. Be3 Bxd4 20. cxd4 c5 21. Rac1 c4 22.
Kh2 Ra7 23. b3 Rac7 24. bxc4 Qb7 25. c5 f6 26. f3 Ng5 27. exf6 gxf6 28. Bf4 Rg7 29.
c6 Qe7 30. Qxa6 Qe8 31. c7 e5 32. dxe5 fxe5 33. Rb1 Kh7 34. Bxg5 hxg5 35. Rb7 e4
36. Qe2 Qe5+ 37. Kg1 Rgxc7 38. Rbxc7+ Rxc7 39. Rxc7+ Qxc7 40. fxe4 Qc1+ 41. Kh2 d4
42. e5 Kg7 43. e6 Kf8 44. Qf2+ Qf4+ 45. Qxf4+ gxf4 46. Kg1 Ke7 47. Kf2 Kxe6 48. Ke2
Ke5 49. Kd3  1-0

[Event "British Chess Championships 2023: "]
[Site "The Venue, De Montfort University, 20 Western Boulevard, Leicester, LE2 7BU"]
[Date "2023.07.22"]
[Round "2"]
[Board "7"]
[White "West, Nic"]
[Black "Page, Michael"]
[Result "1-0"]
[WhiteElo "1100"]
[BlackElo "1444"]
[PlyCount "55"]
[EventDate "2023.07.21"]
[EventRounds "5"]
[EventCountry "ENG"]

1. e4 d5 2. exd5 Nf6 3. c4 e6 4. dxe6 Bxe6 5. Nf3 Qe7 6. Qe2 Bxc4 7. Qxe7+ Bxe7 8.
Bxc4 Nc6 9. Nc3 O-O-O 10. Bxf7 Nb4 11. Be6+ Kb8 12. Bf5 g6 13. Bb1 a6 14. a3 Nc6
15. b4 Rhe8 16. O-O Rd7 17. b5 axb5 18. Nxb5 Rd5 19. a4 Bb4 20. Nc3 Rh5 21. Ba3 Ba5
22. Bc2 Na7 23. Rab1 c6 24. Bd6+ Ka8 25. Rfe1 Rh8 26. Be5 Bd8 27. Ne4 Rf8 28. Nxf6
 1-0

[Event "British Chess Championships 2023: "]
[Site "The Venue, De Montfort University, 20 Western Boulevard, Leicester, LE2 7BU"]
[Date "2023.07.22"]
[Round "2"]
[Board "8"]
[White "White, Nigel"]
[Black "Gunarathne, Miheli"]
[Result "0-1"]
[WhiteElo "1434"]
[BlackElo "982"]
[PlyCount "42"]
[EventDate "2023.07.21"]
[EventRounds "5"]
[EventCountry "ENG"]

1. e4 d5 2. exd5 Nf6 3. d4 Nxd5 4. Nf3 Nc6 5. c4 Nf6 6. d5 Nb4 7. a3 Na6 8. Nc3 Bf5
9. Qb3 Nc5 10. Qb5+ Nfd7 11. Ne5 a6 12. Qb4 Nxe5 13. Qxc5 Bd3 14. Be2 Bxe2 15. Nxe2
Nd3+ 16. Kd1 Nxc5 17. Kc2 Qd7 18. Be3 Qa4+ 19. Kc3 Qb3+ 20. Kd4 Qd3+ 21. Ke5 Qe4#
 0-1

[Event "British Chess Championships 2023: "]
[Site "The Venue, De Montfort University, 20 Western Boulevard, Leicester, LE2 7BU"]
[Date "2023.07.22"]
[Round "2"]
[Board "11"]
[White "Ware, Adam"]
[Black "Morris, Samuel"]
[Result "0-1"]
[WhiteElo "1483"]
[BlackElo "1300"]
[PlyCount "92"]
[EventDate "2023.07.21"]
[EventRounds "5"]
[EventCountry "ENG"]

1. d4 d5 2. c4 e6 3. Nc3 Nf6 4. Bg5 Be7 5. e3 c6 6. Nf3 O-O 7. Bd3 Nbd7 8. O-O h6
9. Bh4 dxc4 10. Bxc4 Re8 11. Qc2 Nd5 12. Bxe7 Qxe7 13. a3 N5b6 14. Bd3 e5 15. Rfe1
Nd5 16. Nxd5 cxd5 17. e4 Qd6 18. exd5 Qxd5 19. Bc4 Qc6 20. Qb3 Qf6 21. Nxe5 Nxe5
22. Rxe5 Rxe5 23. dxe5 Qxe5 24. Bxf7+ Kh8 25. Bd5 Bf5 26. Bf3 Re8 27. h3 b6 28. Rc1
Qf4 29. Qc3 Rc8 30. Qxc8+ Bxc8 31. Rxc8+ Kh7 32. Re8 Qc1+ 33. Kh2 Qxb2 34. Be4+ g6
35. Re6 Qxa3 36. Rxg6 Kh8 37. Rxh6+ Kg8 38. f4 Qe3 39. Bd5+ Kg7 40. Rh4 a5 41. Rg4+
Kf6 42. h4 Kf5 43. Bf3 a4 44. h5 a3 45. Kg3 Qe1+ 46. Kh3 a2  0-1